000 00740nam a22001697a 4500
999 _c59115
_d59115
003 Ge_BSU
005 20221128113324.0
008 221128s1977ge xxu||||| |||| 00| 0 geo d
041 _ageo
080 _a821.353.1-1+ 821.353.1-11 ნ-74
100 _aნიშნიანიძე, შოთა, ავტ.
_916138
245 _aგადასახედი :
_b[ლექსები და ნაწყვეტი პოემიდან] /
_cშოთა ნიშნიანიძე.
264 _aთბილისი:
_bმერანი,
_c1977.
300 _a366 გვ. :
_b1 ფ. პორტრ. ;
_c20 სმ.
653 _aლექსები და ნაწყვეტი პოემიდან
942 _2udc
_cBK